[Event "World Senior Teams +65"]
[Site "Dresden GER"]
[Date "2015.02.24"]
[Round "1.1"]
[White "Balashov, Yuri S"]
[Black "Dickhoff, Ronald"]
[Result "1-0"]
[WhiteTitle "GM"]
[WhiteElo "2432"]
[BlackElo "2116"]
[WhiteTeam "Russia"]
[BlackTeam "Koninklijke DD"]
[WhiteFideId "4100263"]
[BlackFideId "1006142"]
[EventDate "2015.02.24"]

1. e4 e5 2. Nf3 Nc6 3. Bb5 a6 4. Ba4 Nf6 5. O-O Be7 6. d3 b5 7. Bb3 d6 8. a4 Bd7
9. Nc3 Na5 10. Ba2 b4 11. Ne2 Rb8 12. Nd2 c5 13. Nc4 O-O 14. Nxa5 Qxa5 15. Bc4
Be6 16. Ng3 Bxc4 17. dxc4 Qc7 18. f4 Rfd8 19. Qf3 Bf8 20. fxe5 dxe5 21. Bg5 Rd6
22. Nf5 Re6 23. Rad1 Qb7 24. Nh6+ Kh8 25. b3 a5 26. Rfe1 Rbe8 27. Rd3 gxh6 28.
Bxf6+ Bg7 29. Bh4 f6 30. Red1 Qc6 31. Qf5 Bf8 32. Rd7 R8e7 33. Rd8 Kg8 34. Bf2
Rg7 35. Be3 Rg6 36. R1d7 h5 37. Qxh5 1-0

[Event "World Senior Teams +65"]
[Site "Dresden GER"]
[Date "2015.02.24"]
[Round "1.2"]
[White "Lindner, Jan-Joost"]
[Black "Zhelnin, Vladimir V"]
[Result "0-1"]
[BlackTitle "IM"]
[WhiteElo "2116"]
[BlackElo "2465"]
[WhiteTeam "Koninklijke DD"]
[BlackTeam "Russia"]
[WhiteFideId "1006215"]
[BlackFideId "4105567"]
[EventDate "2015.02.24"]

1. f4 d5 2. Nf3 Nf6 3. e3 Bf5 4. Be2 h6 5. d3 e6 6. O-O Nbd7 7. Kh1 c6 8. b3 Bd6
9. Ba3 Bxa3 10. Nxa3 Qe7 11. Nb1 g5 12. Ne5 O-O-O 13. Nd2 gxf4 14. exf4 h5 15.
Ndf3 Ng4 16. Qd2 Ndxe5 17. fxe5 d4 18. Rac1 Qc7 19. h3 Nxe5 20. Qf4 Ng6 21.
Qxc7+ Kxc7 22. Ng5 Ne5 23. Bf3 f6 24. Ne4 Bxe4 25. Bxe4 Rh6 26. Rce1 h4 27. Rf4
Kd6 28. Ref1 f5 29. Bf3 Ke7 30. Re1 Kf6 31. Bd1 Ng6 32. Rf2 Rh7 33. Kg1 Rg7 34.
Kf1 e5 35. Bg4 Nf4 36. Bf3 Re8 37. Bxc6 Rc8 38. Bf3 Rgc7 39. Bd1 Nd5 40. Bg4 Nf4
41. Bd1 Rc3 0-1

[Event "World Senior Teams +65"]
[Site "Dresden GER"]
[Date "2015.02.24"]
[Round "1.3"]
[White "Pushkov, Nikolai"]
[Black "Happel, Henk"]
[Result "1/2-1/2"]
[WhiteTitle "GM"]
[BlackTitle "FM"]
[WhiteElo "2299"]
[BlackElo "2104"]
[WhiteTeam "Russia"]
[BlackTeam "Koninklijke DD"]
[WhiteFideId "4117131"]
[BlackFideId "1001078"]
[EventDate "2015.02.24"]

1. Nf3 e6 2. c4 d5 3. d4 c6 4. Nbd2 f5 5. g3 Nf6 6. Bg2 Bd6 7. O-O O-O 8. b3 Qe7
9. Bb2 Nbd7 10. Ne5 Ne4 11. Qc2 Nxd2 12. Qxd2 Nf6 13. a4 Bd7 14. a5 a6 15. Qc1
Rac8 16. Ba3 Be8 17. Bxd6 Qxd6 18. Qa3 Qxa3 19. Rxa3 Nd7 20. Nd3 g5 21. Rc1 Bh5
22. Ra2 Rce8 23. e3 Bg6 24. f4 h6 25. b4 Re7 26. b5 dxc4 27. bxc6 cxd3 28. cxd7
Rxd7 29. Rd2 Bh5 30. Rxd3 Be2 31. Rdc3 Rff7 32. Kf2 Bb5 33. Rc8+ Kg7 34. R1c5
Kf6 35. Bf3 Rg7 36. Bh5 Bc6 37. Rf8+ Ke7 38. Rh8 gxf4 39. Rxh6 fxg3+ 40. hxg3
Rd5 41. Rxd5 Bxd5 42. Rh8 Kd6 43. Rc8 Rh7 44. Bf3 Rh2+ 45. Kg1 Ra2 46. Bxd5 Kxd5
47. Rc5+ Ke4 48. Re5+ Kf3 49. Rxe6 Kxg3 50. Kf1 Kf3 51. Ke1 f4 52. exf4 Kxf4 53.
Re7 Rxa5 54. Rxb7 Ke3 1/2-1/2

[Event "World Senior Teams +65"]
[Site "Dresden GER"]
[Date "2015.02.24"]
[Round "1.4"]
[White "Olof, Erik"]
[Black "Mishuchkov, Nikolai M."]
[Result "0-1"]
[BlackTitle "IM"]
[WhiteElo "1884"]
[BlackElo "2306"]
[WhiteTeam "Koninklijke DD"]
[BlackTeam "Russia"]
[WhiteFideId "1035762"]
[BlackFideId "4102401"]
[EventDate "2015.02.24"]

1. e4 c5 2. a3 e6 3. b4 cxb4 4. axb4 d5 5. exd5 exd5 6. Qe2+ Be7 7. Ba3 Nf6 8.
b5 Be6 9. Bxe7 Qxe7 10. Nf3 O-O 11. Nd4 Re8 12. Qe3 Qd6 13. Be2 Bg4 14. Qd3 Bxe2
15. Nxe2 Nbd7 16. O-O Nc5 17. Qg3 Qb6 18. Nbc3 Rad8 19. d4 Nce4 20. Qd3 Nxc3 21.
Nxc3 Ne4 22. Na4 Qc7 23. Rfe1 Rc8 24. c3 b6 25. Re3 Qd7 26. Rc1 Nd6 27. Rb1 Nc4
28. Re2 Rxe2 29. Qxe2 Re8 30. Qf1 Nd2 31. Qd3 Nxb1 32. Qxb1 Qe7 33. f3 Qe1+ 34.
Qxe1 Rxe1+ 35. Kf2 Rb1 0-1

[Event "World Senior Teams +65"]
[Site "Dresden GER"]
[Date "2015.02.25"]
[Round "2.1"]
[White "Opl, Klaus1"]
[Black "Balashov, Yuri S"]
[Result "0-1"]
[WhiteTitle "FM"]
[BlackTitle "GM"]
[WhiteElo "2218"]
[BlackElo "2432"]
[WhiteTeam "Wien"]
[BlackTeam "Russia"]
[WhiteFideId "1600672"]
[BlackFideId "4100263"]
[EventDate "2015.02.24"]

1. e4 c5 2. Nf3 Nc6 3. d4 cxd4 4. Nxd4 Qb6 5. Nb3 Nf6 6. Nc3 e6 7. Bd3 a6 8. Qe2
d6 9. g4 h6 10. f4 Qc7 11. Rg1 b5 12. a4 b4 13. Nd1 Bb7 14. Ne3 Nd7 15. a5 Nc5
16. Nxc5 dxc5 17. Nc4 Nd4 18. Qe3 g5 19. Rf1 gxf4 20. Qxf4 Qxf4 21. Bxf4 Rd8 22.
O-O-O Be7 23. Kb1 Nb5 24. Rd2 Bg5 25. Rdf2 Bxf4 26. Rxf4 Rh7 27. e5 Rg7 28. Rf6
Ke7 29. Ne3 Nd4 30. Rxh6 Nf3 31. Bxa6 Nd2+ 32. Kc1 Bxa6 33. Rd1 Nf3 34. Rd6 Rxd6
35. exd6+ Kd7 36. b3 Ne5 37. h3 Rg8 38. Rh7 Kxd6 39. h4 Nxg4 40. Nxg4 Rxg4 41.
Rxf7 Rxh4 42. Ra7 Bb5 43. Rb7 Bc6 44. a6 Rd4 45. Re7 Kd5 46. -- 0-1

[Event "World Senior Teams +65"]
[Site "Dresden GER"]
[Date "2015.02.25"]
[Round "2.2"]
[White "Zhelnin, Vladimir V"]
[Black "Dueckstein, Andreas"]
[Result "1-0"]
[WhiteTitle "IM"]
[BlackTitle "IM"]
[WhiteElo "2465"]
[BlackElo "2183"]
[WhiteTeam "Russia"]
[BlackTeam "Wien"]
[WhiteFideId "4105567"]
[BlackFideId "1600168"]
[EventDate "2015.02.24"]

1. e4 e5 2. Bc4 Nc6 3. Nf3 Be7 4. O-O Nf6 5. d3 O-O 6. c3 d6 7. Bb3 Na5 8. Bc2
c5 9. Nbd2 Qc7 10. Re1 Nc6 11. h3 Bd7 12. Nf1 d5 13. Ne3 Be6 14. Ng5 b5 15. exd5
Nxd5 16. Nxe6 fxe6 17. Ng4 Bd6 18. Qe2 Rae8 19. g3 Qf7 20. Bd2 Nf6 21. Rf1 Nxg4
22. Qxg4 Qf5 23. Kg2 Qxg4 24. hxg4 Rf7 25. Rfe1 Rd7 26. Re2 Ne7 27. Bb3 Ng6 28.
a4 b4 29. Bc4 Rde7 30. a5 Rc7 31. a6 Ree7 32. cxb4 cxb4 33. Ra4 1-0

[Event "World Senior Teams +65"]
[Site "Dresden GER"]
[Date "2015.02.25"]
[Round "2.3"]
[White "Danner, Lambert"]
[Black "Pushkov, Nikolai"]
[Result "0-1"]
[BlackTitle "GM"]
[WhiteElo "2137"]
[BlackElo "2299"]
[WhiteTeam "Wien"]
[BlackTeam "Russia"]
[WhiteFideId "1305840"]
[BlackFideId "4117131"]
[EventDate "2015.02.24"]

1. g3 d5 2. c4 e6 3. Nf3 dxc4 4. Bg2 a6 5. a4 Nd7 6. Na3 Bxa3 7. Rxa3 Rb8 8. O-O
Ngf6 9. Qc2 b5 10. axb5 axb5 11. Nd4 Ne5 12. Nc6 Nxc6 13. Bxc6+ Bd7 14. Bxd7+
Qxd7 15. b3 cxb3 16. Rxb3 O-O 17. Ba3 Rfc8 18. Rd3 Qe8 19. Qc5 Nd5 20. Rc1 c6
21. Bb2 f6 22. e4 Nb6 23. Qb4 Nc4 24. Bd4 Rd8 25. Qc3 e5 26. Be3 Rxd3 27. Qxd3
Rd8 28. Qb3 Qf7 29. Qb4 Qd7 30. Kg2 Qd3 31. Kf3 Rd4 32. Ra1 -- 33. Qe7 -- 0-1

[Event "World Senior Teams +65"]
[Site "Dresden GER"]
[Date "2015.02.25"]
[Round "2.4"]
[White "Mishuchkov, Nikolai M."]
[Black "Strobel, Ferdinand"]
[Result "1-0"]
[WhiteTitle "IM"]
[BlackTitle "FM"]
[WhiteElo "2306"]
[BlackElo "2071"]
[WhiteTeam "Russia"]
[BlackTeam "Wien"]
[WhiteFideId "4102401"]
[BlackFideId "1600290"]
[EventDate "2015.02.24"]

1. Nf3 f5 2. g3 Nf6 3. Bg2 g6 4. d4 Bg7 5. O-O O-O 6. c4 d6 7. Nc3 Nc6 8. d5 Na5
9. b3 Ne4 10. Nxe4 Bxa1 11. Neg5 c5 12. e4 Bg7 13. exf5 Bxf5 14. Nh4 Bd7 15. Be4
Rf6 16. Bb2 e5 17. dxe6 Bc6 18. Bd5 Bxd5 19. Qxd5 Qe7 20. Bxf6 Bxf6 21. Nhf3 Nc6
22. Nf7 Rf8 23. Qxd6 Qxd6 24. Nxd6 Be7 25. Nf7 Nd8 26. Nxd8 Rxd8 27. Re1 Kg7 28.
Re2 h5 29. h4 a6 30. Kg2 b5 31. Ne5 Rd6 32. f4 Rxe6 33. Kf3 Bf6 34. Nd7 Rc6 35.
Nxf6 Kxf6 36. Re5 bxc4 37. bxc4 a5 38. Ke4 a4 39. Kd5 Rb6 40. Re3 Rb2 41. Ra3
Rg2 42. Kxc5 1-0

[Event "World Senior Teams +65"]
[Site "Dresden GER"]
[Date "2015.02.26"]
[Round "3.1"]
[White "Vasiukov, Evgeni"]
[Black "Rosen, Willy"]
[Result "1-0"]
[WhiteTitle "GM"]
[BlackTitle "FM"]
[WhiteElo "2426"]
[BlackElo "2230"]
[WhiteTeam "Russia"]
[BlackTeam "SF Katernberg 1913 e.V."]
[WhiteFideId "4100522"]
[BlackFideId "4605535"]
[EventDate "2015.02.24"]

1. e4 c5 2. Nf3 Nc6 3. Bb5 g6 4. O-O Bg7 5. Re1 Nf6 6. c3 O-O 7. a3 d6 8. h3 Bd7
9. Bf1 e5 10. b4 Ne8 11. b5 Ne7 12. d4 cxd4 13. cxd4 Nc7 14. dxe5 Bxb5 15. Bxb5
Nxb5 16. a4 Nc7 17. Ba3 Nc6 18. Bxd6 Re8 19. Qb3 Nxe5 20. Bxe5 Bxe5 21. Nxe5
Rxe5 22. Nc3 b6 23. Rad1 Qe7 24. f4 Rc5 25. e5 Rd8 26. Ne4 Rc6 27. Rxd8+ Qxd8
28. Rd1 Qe7 29. Qg3 Ne8 30. f5 Qc7 31. Kh2 Kf8 32. f6 Re6 33. Rd5 Qc4 34. Nc3
Rc6 35. Rd3 g5 36. Nd5 Qe4 37. Qxg5 Qxd3 38. Qh6+ 1-0

[Event "World Senior Teams +65"]
[Site "Dresden GER"]
[Date "2015.02.26"]
[Round "3.2"]
[White "Nautsch, Werner"]
[Black "Zhelnin, Vladimir V"]
[Result "0-1"]
[WhiteTitle "FM"]
[BlackTitle "IM"]
[WhiteElo "2206"]
[BlackElo "2465"]
[WhiteTeam "SF Katernberg 1913 e.V."]
[BlackTeam "Russia"]
[WhiteFideId "4601602"]
[BlackFideId "4105567"]
[EventDate "2015.02.24"]

1. d4 d6 2. c4 e5 3. dxe5 dxe5 4. Qxd8+ Kxd8 5. Nc3 c6 6. Nf3 f6 7. g3 Be6 8. b3
Bb4 9. Bd2 a5 10. Bg2 Nd7 11. O-O Nc5 12. Ne1 Ne7 13. Ne4 Nxe4 14. Bxe4 Bxd2 15.
Rd1 Kc7 16. Rxd2 Rhd8 17. Nf3 Rxd2 18. Nxd2 a4 19. Bc2 axb3 20. Bxb3 Rd8 21. Nb1
Nc8 22. f4 exf4 23. Rxf4 Bf7 24. Kf2 Bg6 25. Nc3 Nb6 26. g4 Nd7 27. h4 h5 28.
gxh5 Bxh5 29. Ne4 Ne5 30. Ng3 Bg4 31. Nf5 Bxf5 32. Rxf5 Rh8 33. h5 Kd6 34. e4
Kc5 35. Ke3 Kb4 36. Kf4 c5 37. Kg3 Kc3 38. Bd1 Kxc4 39. Rf2 Kb5 40. Rd2 Kc6 41.
Kf4 b5 42. Kf5 Nc4 43. Rh2 Rh6 44. Rh3 Kd7 45. Rg3 Nd6+ 46. Kf4 Rh7 47. e5 fxe5+
48. Kxe5 c4 49. Ra3 Kc7 50. Ra7+ Kb6 51. Rd7 Ne8 52. Rd8 Nf6 53. Kd6 Ne4+ 54.
Ke5 Nc3 55. Bf3 Nxa2 56. Rb8+ Kc5 57. Kf5 Rh6 58. Rb7 Rf6+ 59. Kg4 Nc1 60. Rxg7
Nd3 61. Rg5+ Kd4 62. Rd5+ Ke3 63. Rf5 Nf2+ 64. Kg5 Rxf5+ 65. Kxf5 c3 66. h6 c2
67. h7 c1=Q 68. h8=Q Qc2+ 69. Ke6 Qg6+ 70. Ke5 Nd3+ 71. Kd5 Qf5+ 72. Kc6 Qc5+
73. Kb7 Kxf3 74. Qh1+ Ke2 75. Qh2+ Qf2 76. Qh7 b4 77. Qe4+ Kd2 78. Qc4 Qc5 79.
Qa2+ Ke3 80. Qb1 Qd5+ 81. Kb6 b3 82. Qg1+ Kd2 83. Qh2+ Kc3 84. Qc7+ Qc5+ 0-1

[Event "World Senior Teams +65"]
[Site "Dresden GER"]
[Date "2015.02.26"]
[Round "3.3"]
[White "Pushkov, Nikolai"]
[Black "Mueller-Clostermann, Bruno"]
[Result "1-0"]
[WhiteTitle "GM"]
[WhiteElo "2299"]
[BlackElo "2187"]
[WhiteTeam "Russia"]
[BlackTeam "SF Katernberg 1913 e.V."]
[WhiteFideId "4117131"]
[BlackFideId "12932280"]
[EventDate "2015.02.24"]

1. d4 f5 2. g3 Nf6 3. Bg2 g6 4. Nf3 Bg7 5. O-O O-O 6. b4 d5 7. Ne5 a5 8. b5 c6
9. Na3 cxb5 10. Nxb5 Nc6 11. Ba3 Nxe5 12. dxe5 Ne4 13. Qd4 Be6 14. f3 Ng5 15. h4
Nf7 16. f4 Rc8 17. Qd3 Rc4 18. Nd4 Qb6 19. e3 Rd8 20. Rab1 Qa6 21. Rfd1 Bc8 22.
Bxe7 Rd7 23. Ba3 Nd8 24. Rb5 Ra4 25. Bxd5+ Kh8 26. Qb3 1-0

[Event "World Senior Teams +65"]
[Site "Dresden GER"]
[Date "2015.02.26"]
[Round "3.4"]
[White "Achenbach, Manfred"]
[Black "Mishuchkov, Nikolai M."]
[Result "1-0"]
[BlackTitle "IM"]
[WhiteElo "2124"]
[BlackElo "2306"]
[WhiteTeam "SF Katernberg 1913 e.V."]
[BlackTeam "Russia"]
[WhiteFideId "4652240"]
[BlackFideId "4102401"]
[EventDate "2015.02.24"]

1. Nf3 d5 2. c4 e6 3. g3 dxc4 4. Qa4+ Bd7 5. Qxc4 c5 6. Bg2 Nc6 7. O-O Nf6 8. b3
Be7 9. Bb2 O-O 10. Qc2 Rc8 11. Nc3 Nd4 12. Qd1 Bc6 13. e3 Nxf3+ 14. Bxf3 Qd7 15.
Qe2 Rfd8 16. Rfd1 Bxf3 17. Qxf3 Qc6 18. Qxc6 Rxc6 19. d4 cxd4 20. Rxd4 Rxd4 21.
exd4 Kf8 22. Kf1 Ke8 23. Ke2 Ba3 24. Bxa3 Rxc3 25. Rc1 Rxc1 26. Bxc1 Kd7 27. f3
Kc6 28. Kd3 Kd5 29. a4 Nd7 30. Ba3 g6 31. Bc1 a6 32. Bd2 f6 33. Bc3 Nb8 34. Ke3
Nc6 35. Kd3 b5 36. axb5 axb5 37. Bb2 b4 38. Ba1 h5 39. Bb2 g5 40. Ba1 g4 41. f4
f5 42. Bb2 Na5 43. Bc1 Nxb3 44. Be3 Na5 45. Bc1 Nc4 46. Kc2 Kxd4 47. Kb3 Ne3 48.
Kxb4 Nf1 49. Bb2+ Ke4 50. Bf6 Nxh2 51. Kc5 Nf1 52. Bh4 e5 53. fxe5 Kxe5 54. Kc4
Ke4 55. Kc3 Kf3 1-0

[Event "World Senior Teams +65"]
[Site "Dresden GER"]
[Date "2015.02.27"]
[Round "4.1"]
[White "Danner, Georg"]
[Black "Vasiukov, Evgeni"]
[Result "1/2-1/2"]
[WhiteTitle "IM"]
[BlackTitle "GM"]
[WhiteElo "2339"]
[BlackElo "2426"]
[WhiteTeam "Austria"]
[BlackTeam "Russia"]
[WhiteFideId "1600303"]
[BlackFideId "4100522"]
[EventDate "2015.02.24"]

1. d4 Nf6 2. Nf3 d6 3. c4 Bf5 4. Nc3 c6 5. d5 g6 6. Nd4 Bd7 7. e4 Bg7 8. Be2 O-O
9. O-O Na6 10. Be3 Nc5 11. f3 a5 12. Qd2 Re8 13. Rfd1 h5 14. Rab1 h4 15. b3 h3
16. Ra1 -- 17. Nb1 -- 1/2-1/2

[Event "World Senior Teams +65"]
[Site "Dresden GER"]
[Date "2015.02.27"]
[Round "4.2"]
[White "Balashov, Yuri S"]
[Black "Watzka, Horst"]
[Result "1-0"]
[WhiteTitle "GM"]
[BlackTitle "FM"]
[WhiteElo "2432"]
[BlackElo "2254"]
[WhiteTeam "Russia"]
[BlackTeam "Austria"]
[WhiteFideId "4100263"]
[BlackFideId "1600311"]
[EventDate "2015.02.24"]

1. Nf3 Nf6 2. c4 c5 3. Nc3 Nc6 4. e3 d5 5. cxd5 Nxd5 6. Bc4 e6 7. O-O Be7 8. d4
cxd4 9. exd4 O-O 10. Re1 Nxc3 11. bxc3 Bf6 12. Nd2 b6 13. Ne4 Bb7 14. Bd3 Rc8
15. Qh5 g6 16. Nxf6+ Qxf6 17. Qh6 Rfe8 18. Bg5 Qg7 19. Qh4 f5 20. Rac1 Na5 21.
Qg3 Bd5 22. Rc2 Qd7 23. h4 Bc4 24. Bf4 Bxd3 25. Qxd3 Nc4 26. Qg3 b5 27. h5 Qf7
28. hxg6 hxg6 29. Qg5 Qh7 30. Rce2 Qf7 31. d5 e5 32. Bxe5 Nxe5 33. Rxe5 Rxe5 34.
Rxe5 Re8 35. Qe3 Rd8 36. Re8+ 1-0

[Event "World Senior Teams +65"]
[Site "Dresden GER"]
[Date "2015.02.27"]
[Round "4.3"]
[White "Ager, Josef"]
[Black "Pushkov, Nikolai"]
[Result "1/2-1/2"]
[BlackTitle "GM"]
[WhiteElo "2109"]
[BlackElo "2299"]
[WhiteTeam "Austria"]
[BlackTeam "Russia"]
[WhiteFideId "1607138"]
[BlackFideId "4117131"]
[EventDate "2015.02.24"]

1. Nf3 Nf6 2. b3 d5 3. Bb2 Bf5 4. e3 e6 5. Bd3 Bg4 6. h3 Bh5 7. Be2 Nbd7 8. Ne5
Bxe2 9. Qxe2 Nxe5 10. Bxe5 c6 11. O-O Bd6 12. Bxd6 Qxd6 13. d3 O-O 14. Nd2 e5
15. Rfd1 a5 16. a4 Rfd8 17. Nf3 e4 18. Nd4 Qe5 19. Qe1 g6 20. b4 axb4 21. Qxb4
Qc7 22. Nb3 b6 23. d4 Rdc8 24. a5 bxa5 25. Rxa5 Rxa5 26. Qxa5 Qxa5 27. Nxa5 c5
28. c3 Kg7 29. Rb1 h5 30. g3 Ra8 31. Rb5 c4 32. Kg2 Ra6 33. g4 hxg4 34. hxg4 Ra8
35. Rb8 Ng8 1/2-1/2

[Event "World Senior Teams +65"]
[Site "Dresden GER"]
[Date "2015.02.27"]
[Round "4.4"]
[White "Mishuchkov, Nikolai M."]
[Black "Singer, Hans"]
[Result "1-0"]
[WhiteTitle "IM"]
[BlackTitle "FM"]
[WhiteElo "2306"]
[BlackElo "2190"]
[WhiteTeam "Russia"]
[BlackTeam "Austria"]
[WhiteFideId "4102401"]
[BlackFideId "1600800"]
[EventDate "2015.02.24"]

1. d4 d5 2. Nf3 Nf6 3. c4 e6 4. Nc3 c5 5. cxd5 Nxd5 6. e4 Nxc3 7. bxc3 cxd4 8.
cxd4 Bb4+ 9. Bd2 Bxd2+ 10. Qxd2 O-O 11. Bc4 Nc6 12. O-O Na5 13. Bd3 b6 14. Rac1
Bb7 15. Qf4 Qf6 16. Qxf6 gxf6 17. Rc7 Rac8 18. Rfc1 Rxc7 19. Rxc7 Rc8 20. Rxc8+
Bxc8 21. Kf1 Bb7 22. Ke2 Kf8 23. g4 h6 24. h4 Bc6 25. Ke3 Ke7 26. Nd2 Nb7 27. f4
Nd6 28. e5 Ne8 29. Ne4 Bxe4 30. Kxe4 Nc7 31. exf6+ Kxf6 32. g5+ Kg7 33. Ke5 Ne8
34. gxh6+ Kxh6 35. f5 Ng7 36. fxe6 fxe6 37. Bc4 Nf5 38. Bxe6 Nxh4 39. Ke4 1-0

[Event "World Senior Teams +65"]
[Site "Dresden GER"]
[Date "2015.02.28"]
[Round "5.1"]
[White "Vasiukov, Evgeni"]
[Black "Klundt, Klaus"]
[Result "1/2-1/2"]
[WhiteTitle "GM"]
[BlackTitle "IM"]
[WhiteElo "2426"]
[BlackElo "2293"]
[WhiteTeam "Russia"]
[BlackTeam "Germany"]
[WhiteFideId "4100522"]
[BlackFideId "4600436"]
[EventDate "2015.02.24"]

1. f4 Nf6 2. g3 d5 3. Bg2 c5 4. Nf3 Nc6 5. O-O e6 6. d3 Be7 7. c3 O-O 8. Na3 Rb8
9. h3 b5 10. Nc2 b4 11. cxb4 Nxb4 12. Nxb4 Rxb4 13. b3 a5 14. Ne5 Rb6 15. Bd2
Ra6 16. Kh2 Nd7 17. Nf3 Bb7 18. Qc2 a4 19. bxa4 Qa8 20. Rab1 Bc6 21. a5 Bd8 22.
a3 Bxa5 23. Bc1 1/2-1/2

[Event "World Senior Teams +65"]
[Site "Dresden GER"]
[Date "2015.02.28"]
[Round "5.2"]
[White "Baum, Bernd"]
[Black "Balashov, Yuri S"]
[Result "0-1"]
[WhiteTitle "FM"]
[BlackTitle "GM"]
[WhiteElo "2300"]
[BlackElo "2432"]
[WhiteTeam "Germany"]
[BlackTeam "Russia"]
[WhiteFideId "4611853"]
[BlackFideId "4100263"]
[EventDate "2015.02.24"]

1. g3 c5 2. Bg2 Nc6 3. c4 g6 4. Nc3 Bg7 5. d3 e6 6. e4 Nge7 7. Nge2 a6 8. O-O
O-O 9. a3 b5 10. Be3 bxc4 11. dxc4 d6 12. Rb1 Rb8 13. Qd2 Ne5 14. b3 Ng4 15. Bg5
f6 16. h3 fxg5 17. hxg4 Nc6 18. e5 Nxe5 19. Ne4 Bb7 20. Qxd6 Nf3+ 21. Kh1 Bxe4
22. Qxe6+ Kh8 23. Qxe4 Nd2 24. Qc6 Nxb1 25. Qa8 Rxa8 26. -- 0-1

[Event "World Senior Teams +65"]
[Site "Dresden GER"]
[Date "2015.02.28"]
[Round "5.3"]
[White "Zhelnin, Vladimir V"]
[Black "Haakert, Juergen"]
[Result "1/2-1/2"]
[WhiteTitle "IM"]
[BlackTitle "FM"]
[WhiteElo "2465"]
[BlackElo "2355"]
[WhiteTeam "Russia"]
[BlackTeam "Germany"]
[WhiteFideId "4105567"]
[BlackFideId "4602277"]
[EventDate "2015.02.24"]

1. e4 e6 2. d4 d5 3. Nc3 Nc6 4. Nf3 Nf6 5. Bg5 Be7 6. e5 Ne4 7. Be3 Bb4 8. Qd3
b6 9. Nd2 Nxd2 10. Bxd2 f6 11. a3 Be7 12. f4 fxe5 13. fxe5 Bh4+ 14. g3 Bg5 15.
O-O-O O-O 16. Ne2 a5 17. Bxg5 Qxg5+ 18. Nf4 Ne7 19. Kb1 Bd7 20. h4 Qh6 21. Bh3
Bc8 1/2-1/2

[Event "World Senior Teams +65"]
[Site "Dresden GER"]
[Date "2015.02.28"]
[Round "5.4"]
[White "Clemens, Christian"]
[Black "Pushkov, Nikolai"]
[Result "0-1"]
[WhiteTitle "FM"]
[BlackTitle "GM"]
[WhiteElo "2285"]
[BlackElo "2299"]
[WhiteTeam "Germany"]
[BlackTeam "Russia"]
[WhiteFideId "4600673"]
[BlackFideId "4117131"]
[EventDate "2015.02.24"]

1. g3 d5 2. Nf3 Nf6 3. Bg2 e6 4. c4 dxc4 5. Na3 Bxa3 6. bxa3 O-O 7. Bb2 Nbd7 8.
Rc1 c5 9. Rxc4 b5 10. Ne5 Nxe5 11. Bxe5 bxc4 12. Bxa8 Nd5 13. O-O f6 14. Bc3 Bd7
15. Bb7 Qb6 16. Qb1 Rb8 17. Qxb6 axb6 18. Ba6 b5 19. a4 b4 20. Ba1 Nb6 21. Rc1
Ra8 22. Bxc4 Nxc4 23. Rxc4 Rxa4 24. Rxc5 Rxa2 25. Bd4 e5 26. Rc7 Bh3 27. f3 exd4
28. g4 Rxd2 29. Kf2 d3 0-1

[Event "World Senior Teams +65"]
[Site "Dresden GER"]
[Date "2015.03.01"]
[Round "6.1"]
[White "Rotstein, Jefim"]
[Black "Balashov, Yuri S"]
[Result "1/2-1/2"]
[WhiteTitle "FM"]
[BlackTitle "GM"]
[WhiteElo "2371"]
[BlackElo "2432"]
[WhiteTeam "KAISSA Deutschland"]
[BlackTeam "Russia"]
[WhiteFideId "14101033"]
[BlackFideId "4100263"]
[EventDate "2015.02.24"]

1. Nf3 e6 2. c4 Nf6 3. Nc3 Bb4 4. Qc2 O-O 5. e3 b6 6. Be2 Bb7 7. O-O d5 8. b3 a6
9. Bb2 Nbd7 10. cxd5 exd5 11. Nd4 Re8 12. Rac1 Bf8 13. Nf5 g6 14. Ng3 c5 15. f4
b5 16. Bf3 b4 17. Nd1 a5 18. Nf2 Ba6 19. Rfe1 Rc8 20. d3 c4 21. dxc4 dxc4 22.
bxc4 Rxc4 23. Qd2 Rxc1 24. Rxc1 Bg7 25. Rd1 Qb6 26. e4 Nf8 27. e5 N6d7 28. Ne4
Re7 29. Bd4 Qb8 30. Ng4 Bb7 31. Nef6+ Kh8 32. Nd5 Bxd5 33. Bxd5 Nb6 34. Bf3 Ne6
35. Qf2 Nxd4 36. Rxd4 Rd7 37. Nf6 Bxf6 38. exf6 Qd8 39. Re4 Qxf6 40. Qc5 Kg7 41.
Qxa5 Nd5 42. Qb5 Qa1+ 43. Kf2 Qxa2+ 44. Kg3 Qa7 45. Re8 Nf6 46. Ra8 Qe3 47. Qe5
Rd3 48. Qxe3 Rxe3 49. Kf2 Rc3 50. Rb8 b3 51. Rb7 h6 52. Ke2 Nh5 53. Kd2 Rc2+ 54.
Ke3 Rc3+ 55. Kd4 Rc8 56. Bd5 Rf8 57. g3 Nf6 58. Bxb3 Rd8+ 1/2-1/2

[Event "World Senior Teams +65"]
[Site "Dresden GER"]
[Date "2015.03.01"]
[Round "6.2"]
[White "Zhelnin, Vladimir V"]
[Black "Khanukov, Boris"]
[Result "1/2-1/2"]
[WhiteTitle "IM"]
[BlackTitle "IM"]
[WhiteElo "2465"]
[BlackElo "2318"]
[WhiteTeam "Russia"]
[BlackTeam "KAISSA Deutschland"]
[WhiteFideId "4105567"]
[BlackFideId "4680898"]
[EventDate "2015.02.24"]

1. e4 e5 2. Nf3 Nc6 3. Bc4 Bc5 4. d3 Nf6 5. Nc3 d6 6. Bg5 h6 7. Bxf6 Qxf6 8. Nd5
Qd8 9. c3 O-O 10. h3 a6 11. d4 Ba7 12. O-O exd4 13. cxd4 Ne7 14. Ne3 b5 15. Bb3
c5 16. Qd2 Bb7 17. Bc2 Rc8 18. Rad1 c4 19. Bb1 Re8 20. d5 Ng6 21. Nf5 Qf6 22.
N3d4 Bc5 23. Kh1 Ne7 24. Ne3 Bxd4 25. Qxd4 Qxd4 26. Rxd4 Rc5 27. Rfd1 Bc8 28.
Kg1 Bd7 29. Rc1 Rec8 30. f3 g5 31. Kf2 h5 32. Rc3 R8c7 33. Ra3 Bc8 34. b4 cxb3
35. Rxb3 Ng6 36. a4 Ne5 37. axb5 axb5 38. Rdb4 Bd7 39. Bd3 Nxd3+ 40. Rxd3 Ra7
41. Rb2 Kg7 42. Rdb3 h4 43. Nc2 Kf6 44. Nb4 Ra1 45. Nd3 Rc4 46. Ke3 Raa4 47. Rf2
Ke7 48. Rd2 f6 49. Rdb2 Ra1 50. Nb4 Re1+ 51. Kf2 Rcc1 52. Nd3 Rf1+ 53. Ke3 Ra1
54. Nb4 Rae1+ 55. Kd4 Rd1+ 56. Nd3 f5 57. e5 dxe5+ 58. Kxe5 g4 59. d6+ Kf7 60.
hxg4 fxg4 61. fxg4 Bxg4 62. Rf2+ Rxf2 63. Nxf2 Re1+ 64. Ne4 Bd7 65. Rf3+ Ke8 66.
Rf4 Bc6 67. Rxh4 b4 68. Kd4 Rxe4+ 69. Rxe4+ 1/2-1/2